| 000 | 00459nam a2200145Ia 4500 | ||
|---|---|---|---|
| 008 | 231129s1989||||xx |||||||||||||| ||spa|| | ||
| 020 | _a958-628-050-0 | ||
| 040 | _bspa | ||
| 082 | _a639.312 G182e | ||
| 100 | _aGalvis German | ||
| 245 | 0 | _aEstudio ecologico de una laguna de desborde del rio Metica : Orinoquia colombiana | |
| 260 | _c1989 | ||
| 264 | _aUniversidad Nacional de Colombia-Fondo Fen | ||
| 942 |
_2ddc _cBKS |
||
| 999 |
_c13627 _d13627 |
||